[Event "Kolkata DBCA op 5th"]
[Site "Kolkata"]
[Date "2024.04.13"]
[Round "4"]
[White "Aniket, Narayan Biswas"]
[Black "Arghya, Sen"]
[Result "1-0"]
[WhiteElo "1767"]
[BlackElo "1807"]
[PlyCount "119"]
[EventDate "2024.04.11"]
[EventType "swiss"]
[EventRounds "9"]
[EventCountry "IND"]
[SourceTitle "CB17_2024"]
[SourceDate "2024.04.24"]
[SourceVersion "1"]
[SourceVersionDate "2024.04.24"]
[SourceQuality "1"]

1. d4 e6 2. c4 f5 3. Nc3 Nf6 4. f3 Bb4 5. Bd2 b6 6. a3 Bxc3 7. Bxc3 Bb7 8. e3 0-0 9. Bd3 Nh5 10. Nh3 Qh4+ 11. Nf2 Qg5 12. Qd2 Qxg2 13. 0-0-0 Qxf3 14. Rdf1 Nf6 15. Rhg1 Qh5 16. d5 Qh6 17. Be5 g6 18. Bf4 Qg7 19. e4 Na6 20. Bh6 Nc5 21. Bc2 Qe7 22. exf5 exf5 23. Re1 Nfe4 24. Nxe4 Nxe4 25. Bxf8 Rxf8 26. Bxe4 fxe4 27. Rg4 Qc5 28. Rgxe4 c6 29. b4 Qd6 30. dxc6 Qxc6 31. Rf4 Rf6 32. Re8+ Kg7 33. Qc3 Qh1+ 34. Re1 Qxe1+ 35. Qxe1 Rxf4 36. Qe5+ Rf6 37. b5 d6 38. Qe7+ Rf7 39. Qxd6 Bf3 40. c5 bxc5 41. Qxc5 h6 42. Kb2 Kh7 43. a4 g5 44. Qc4 Kg7 45. Qd4+ Kg6 46. a5 g4 47. a6 Rf5 48. Qd7 Kg5 49. Ka3 Rd5 50. Qe7+ Kg6 51. Kb4 Rd4+ 52. Ka5 Rd2 53. Qxa7 Rxh2 54. Qb6+ Kh5 55. Qf6 Rf2 56. Qf4 Ra2+ 57. Kb6 Kh4 58. Qxh6+ Kg3 59. Ka7 Be2 60. Qe6 1-0

[Event "Udaipur Holi Cup 6th"]
[Site "Udaipur"]
[Date "2024.04.01"]
[Round "4"]
[White "Singh, Arvinder Preet"]
[Black "Arghya, Sen"]
[Result "0-1"]
[WhiteElo "2030"]
[BlackElo "1807"]
[PlyCount "136"]
[EventDate "2024.03.31"]
[EventType "swiss"]
[EventRounds "9"]
[EventCountry "IND"]
[SourceTitle "CB16_2024"]
[SourceDate "2024.04.17"]
[SourceVersion "1"]
[SourceVersionDate "2024.04.17"]
[SourceQuality "1"]

1. e4 e6 2. d4 d5 3. Nc3 Nf6 4. e5 Nfd7 5. f4 c5 6. Nf3 Nc6 7. Ne2 f6 8. c3 Qb6 9. a3 a5 10. g3 Be7 11. Bh3 Nd8 12. 0-0 0-0 13. Kh1 a4 14. Qc2 Qb3 15. Qb1 Qc4 16. Neg1 Nb8 17. Rd1 Nbc6 18. Be3 cxd4 19. cxd4 Bd7 20. Bf1 Qb3 21. Bd3 f5 22. g4 g6 23. h3 Na5 24. Nd2 Qb6 25. Ngf3 Rc8 26. Rc1 Nf7 27. gxf5 exf5 28. Rg1 Kh8 29. Qa2 Bb5 30. Bxb5 Qxb5 31. Rac1 Nb3 32. Rc3 Rxc3 33. bxc3 Qd3 34. Nxb3 axb3 35. Qxb3 Qxe3 36. Qxd5 Qe4 37. Qxe4 fxe4 38. Nd2 Nh6 39. Nxe4 Rxf4 40. Nd6 Bxd6 41. exd6 Rf6 42. Rb1 Rf7 43. a4 Nf5 44. Rb6 Rd7 45. a5 Nxd6 46. a6 bxa6 47. Rxa6 Nb5 48. Rc6 Rc7 49. Rb6 Nxc3 50. Rb3 Ne2 51. d5 Rd7 52. Kh2 Rxd5 53. Rb7 Rg5 54. Rf7 Kg8 55. Rf2 Nd4 56. Rf4 Ne6 57. Ra4 Kg7 58. Ra7+ Kh6 59. Rf7 Rh5 60. Rf1 Ng5 61. Kg3 Rxh3+ 62. Kg4 Rh2 63. Re1 Nf7 64. Re7 Kg7 65. Kg3 Ra2 66. Rb7 Ra4 67. Kh3 g5 68. Rb6 h5 0-1